[Event "XXV OOM - Mistrzostwa Polski Juniorow Mlodszych - Chlopcy do lat 14"]
[Site "Sielpia"]
[Date "1899-12-30"]
[Round "1.23"]
[White "Mocko, Maciej"]
[Black "Wnek, Filip"]
[Result "0-1"]
[WhiteTitle "II"]
[BlackTitle "I+"]
[WhiteElo "1430"]
[BlackElo "1733"]

1. e4 c5 2. Nf3 d6 3. d4 cxd4 4. Nxd4 Nf6 5. Nc3 a6 6. f3 e6 7. Be3 b5 8. a3 Nbd7
9. Qd2 Bb7 10. O-O-O Nb6 11. g4 Rc8 12. h4 Nfd7 13. Qf2 Nc4 14. Bxc4 Rxc4 15.
g5 Qc7 16. Nb3 Nc5 17. Bxc5 dxc5 18. Qe2 Bd6 19. Kb1 Be5 20. Na2 Bc6 21. Nbc1
Bd6 22. Rhg1 a5 23. b3 Rd4 24. Rxd4 cxd4 25. Qd2 e5 26. Kb2 Ke7 27. Nd3 Rc8 28.
Rg2 Ke8 29. h5 Bb7 30. Qd1 Qe7 31. b4 axb4 32. Naxb4 Rc3 33. Qa1 Qc7 34. Qa2 Qa5
35. g6 hxg6 36. hxg6 Qc7 37. Qxf7+ Qxf7 38. gxf7+ Kxf7 39. Rg5 g6 40. Nxe5+ Kf6
41. f4 Bxe4 42. Ng4+ Ke6 43. Rxb5 Bxb4 44. Rxb4 Rxc2+ 45. Kb3 Rd2 46. Ne5 Bd5+
47. Nc4 Rf2 48. a4 Rxf4 49. Kc2 Be4+ 50. Kd1 g5 51. Nd2 Bd5 52. a5 g4 53. Rb8
g3 54. Rg8 g2 55. Ke2 Kf7 56. Rg3 Kf6 57. a6 Kf5 58. a7 Bb7 59. Rg7 Bd5 60. Rg3
Bc6 61. Rg8 Bb5+ 62. Kd1 Bc6 63. Ke2 d3+ 64. Ke3 Rg4 65. Rxg4 Kxg4 66. Kf2 Kh3
67. Kg1 Kg3 68. Ne4+ Kf3 69. Nd2+ Ke2 70. Nb1 d2 71. Nc3+ Ke1 72. Kh2 Kf1 0-1

[Event "XXV OOM - Mistrzostwa Polski Juniorow Mlodszych - Chlopcy do lat 14"]
[Site "Sielpia"]
[Date "1899-12-30"]
[Round "1.24"]
[White "Wasik, Mateusz"]
[Black "Wojtasik, Szymon"]
[Result "1/2-1/2"]
[WhiteTitle "I"]
[BlackTitle "II"]
[WhiteElo "1729"]
[BlackElo "1379"]

1. e4 c5 2. Nf3 Nc6 3. Nc3 g6 4. d4 cxd4 5. Nxd4 Bg7 6. Be3 Nf6 7. Bc4 O-O 8. Bb3
Re8 9. O-O d6 10. h3 Na5 11. Qe2 b6 12. Rad1 Nxb3 13. axb3 Bb7 14. Bg5 Nd7 15.
f4 h6 16. Bh4 Qc8 17. Kh1 Nc5 18. b4 Ba6 19. b5 Bb7 20. Qe3 e6 21. Rfe1 Qd7 22.
b4 e5 23. fxe5 Ne6 24. Nc6 Bxc6 25. Rxd6 Qc7 26. Rxc6 Qxe5 27. Nd5 Nd4 28. Nf6+
Bxf6 29. Bxf6 Nf5 30. Bxe5 Nxe3 31. Rxe3 Rxe5 32. c4 Rae8 33. c5 Rxe4 34. Rxe4
Rxe4 35. cxb6 axb6 36. Rxb6 Rxb4 37. Kh2 Rb3 38. Rb7 Kg7 39. Rb6 Kh7 1/2-1/2

[Event "XXV OOM - Mistrzostwa Polski Juniorow Mlodszych - Chlopcy do lat 14"]
[Site "Sielpia"]
[Date "1899-12-30"]
[Round "1.25"]
[White "Dembicki, Karol"]
[Black "Backiel, Hubert"]
[Result "0-1"]
[WhiteTitle "II"]
[BlackTitle "I"]
[WhiteElo "1316"]
[BlackElo "1704"]

1. e4 e5 2. Nf3 Nf6 3. Nxe5 d6 4. Nf3 Nxe4 5. d3 Nf6 6. Nc3 d5 7. Be2 Bd6 8. O-O
c6 9. Bg5 O-O 10. Nd2 Bf5 11. f4 h6 12. Bh4 Qb6+ 13. Kh1 Qxb2 14. Nb3 Qxc3 15.
Be1 Qb2 16. a4 Nfd7 17. c3 Re8 18. Rf2 Bc5 19. Nxc5 Nxc5 20. d4 Bc2 21. Qc1 Qxc1
22. Rxc1 Bd3 23. Bh5 Ne4 24. Rf3 Be2 25. Rh3 Bxh5 26. Rxh5 Nd7 27. g3 Nef6 28.
Rh4 0-1

[Event "XXV OOM - Mistrzostwa Polski Juniorow Mlodszych - Chlopcy do lat 14"]
[Site "Sielpia"]
[Date "1899-12-30"]
[Round "1.26"]
[White "Bancarewicz, Aleks"]
[Black "Skrzypczynski, Kacper"]
[Result "1-0"]
[WhiteTitle "I"]
[BlackTitle "II"]
[WhiteElo "1701"]
[BlackElo "1291"]

1. e4 e5 2. Nf3 Nc6 3. Bb5 Nf6 4. O-O d6 5. d4 Bd7 6. Re1 Be7 7. b3 a6 8. Bxc6
Bxc6 9. d5 Bd7 10. Bb2 O-O 11. c4 c6 12. Nxe5 dxe5 13. d6 Re8 14. dxe7 Qxe7 15.
Ba3 c5 16. Nc3 b5 17. Nd5 Nxd5 18. exd5 Qd6 19. Rc1 b4 20. Bb2 f6 21. Qd2 a5 22.
a3 Reb8 23. a4 Bf5 24. Re3 Kf7 25. Rce1 Re8 26. Qe2 Bg6 27. h4 h6 28. Qg4 Rg8
29. f4 f5 30. Bxe5 fxg4 31. Bxd6 Rge8 32. Re7+ Rxe7 33. Rxe7+ Kf6 34. Re6+ Kf7
35. Re3 Re8 36. Be5 Bf5 37. Kf2 h5 38. Ke1 g6 39. Kd2 Re7 40. Kc1 Ke8 41. Re2
Kd7 42. Kb2 Re8 43. Rd2 Be4 44. Bf6 Bf5 45. Be5 Be4 46. g3 Bf3 47. Rd3 Be4 48.
Re3 Bf5 49. Kc1 Re7 50. Re2 Re8 51. Kd1 Bd3 52. Rd2 Be4 53. Ke1 Re7 54. Kf2 Re8
55. Bf6 Bf5 56. d6 Be4 57. Be7 Bc6 58. Re2 Bf3 59. Re5 Rc8 60. Ke1 Rc6 61. Kd2
Rc8 62. f5 1-0

[Event "XXV OOM - Mistrzostwa Polski Juniorow Mlodszych - Chlopcy do lat 14"]
[Site "Sielpia"]
[Date "1899-12-30"]
[Round "2.1"]
[White "Chyzy, Jakub"]
[Black "Babiarz, Arkadiusz"]
[Result "1-0"]
[WhiteTitle "k"]
[BlackTitle "I++"]
[WhiteElo "2140"]
[BlackElo "1839"]

1. e4 c5 2. Nf3 e6 3. d4 cxd4 4. Nxd4 a6 5. Nc3 Qc7 6. Bd3 g6 7. O-O Bg7 8. Nb3
Nf6 9. f4 d6 10. Be3 Nbd7 11. a4 b6 12. Nd2 Bb7 13. Qe2 O-O 14. Ra3 Rfd8 15. Kh1
d5 16. e5 Ne8 17. Qf2 Bf8 18. Raa1 Bc5 19. Ne2 f6 20. Nf3 Ng7 21. b4 Bxe3 22.
Qxe3 Rf8 23. Ned4 Rae8 24. exf6 Rxf6 25. Ne5 Nf5 26. Bxf5 exf5 27. Rae1 Rf7 28.
Qg3 Rg7 29. Nef3 Qb8 30. Rxe8+ Qxe8 31. Re1 Re7 32. Ne5 Nxe5 33. fxe5 Bc8 34.
e6 Bxe6 35. Qd6 Kf7 36. Nc6 b5 37. a5 Rd7 38. Ne5+ Kf6 39. Nxd7+ Qxd7 40. Qxa6
1-0

[Event "XXV OOM - Mistrzostwa Polski Juniorow Mlodszych - Chlopcy do lat 14"]
[Site "Sielpia"]
[Date "1899-12-30"]
[Round "2.2"]
[White "Wojdak, Jan"]
[Black "Ochedzan, Tymon"]
[Result "1-0"]
[WhiteTitle "I"]
[BlackTitle "CM"]
[WhiteElo "1834"]
[BlackElo "2090"]

1. e4 c5 2. Nf3 d6 3. d4 cxd4 4. Nxd4 Nf6 5. Nc3 a6 6. f4 e5 7. Nf3 Nbd7 8. Bd3
Be7 9. a4 O-O 10. O-O b6 11. Kh1 Bb7 12. Qe1 Qc7 13. Nh4 d5 14. Nf5 Bb4 15. fxe5
Bxc3 16. bxc3 Nxe4 17. Bxe4 dxe4 18. Bf4 Qc5 19. Qg3 g6 20. Rad1 Rad8 21. Nh6+
Kg7 22. Be3 Qc4 23. Nf5+ Kg8 24. Nd6 Qc7 25. Bh6 Nc5 26. Bxf8 Rxf8 27. Qg5 Nxa4
28. Nf5 f6 29. Nh6+ Kh8 30. Rxf6 Re8 31. Rf7 Qc6 32. Rdd7 Qxc3 33. Rxh7# 1-0

[Event "XXV OOM - Mistrzostwa Polski Juniorow Mlodszych - Chlopcy do lat 14"]
[Site "Sielpia"]
[Date "1899-12-30"]
[Round "2.3"]
[White "Szydlo, Michal"]
[Black "Karolczuk, Iwo"]
[Result "0-1"]
[WhiteTitle "I"]
[BlackTitle "I++"]
[WhiteElo "1830"]
[BlackElo "2055"]

1. e4 c5 2. Nf3 e6 3. d4 cxd4 4. Nxd4 a6 5. c4 Nf6 6. Nc3 Bb4 7. Qd3 Qc7 8. a3
Bxc3+ 9. Qxc3 O-O 10. Bd3 d6 11. O-O e5 12. Nc2 b6 13. f3 Be6 14. Ne3 Nbd7 15.
Bd2 Rac8 16. Nd5 Bxd5 17. cxd5 Qb7 18. Qb4 Nc5 19. Be2 Nfd7 20. g4 b5 21. Be3
Ra8 22. a4 bxa4 23. Bxc5 Nxc5 24. Qxb7 Nxb7 25. Rxa4 Nc5 26. Rc4 a5 27. b4 Nb3
28. Rf2 Nd4 29. bxa5 Rxa5 30. Kg2 Rb8 31. Rc1 g5 32. Bd1 Ra3 33. Rd2 Kg7 34. h3
Rba8 35. Kf2 Ra2 36. Rxa2 Rxa2+ 37. Kg3 Rd2 38. Rb1 Kf6 39. Rc1 Rb2 40. Ra1 Nb5
41. Rc1 Kg7 42. Ba4 Nd4 43. Bd1 Ra2 44. Rb1 Ra3 45. Rb2 Ra1 46. Be2 Rc1 47. Kg2
Kf6 48. Kg3 Rc2 49. Rxc2 Nxc2 50. Kf2 Ke7 51. Bd1 Nd4 52. Ke3 Kd7 53. Kd3 Kc7
54. Kc4 Kb6 55. Kb4 Kb7 56. Ka5 Ka7 57. Ka4 Ka6 58. Kb4 Kb6 59. Kc4 Ka5 60. Kc3
Kb5 61. Kd2 Kb4 62. Ke3 Kc3 63. Ba4 Kb2 64. Be8 f6 65. Bd7 Kc3 66. Ba4 Kb4 67.
Bd7 Kc4 68. Bc8 Kc3 69. Ba6 Nc2+ 70. Kf2 Kd2 71. Bc4 Na3 72. Ba6 Nb1 73. Bc8 Nc3
74. Bf5 Nd1+ 75. Kg3 h6 76. Bc8 Ke3 77. Ba6 Nc3 78. Kg2 Nb1 79. h4 Nd2 80. hxg5
hxg5 0-1

[Event "XXV OOM - Mistrzostwa Polski Juniorow Mlodszych - Chlopcy do lat 14"]
[Site "Sielpia"]
[Date "1899-12-30"]
[Round "2.4"]
[White "Czernek, Tymon"]
[Black "Budzisz, Adrian"]
[Result "1-0"]
[WhiteTitle "I++"]
[BlackTitle "I"]
[WhiteElo "2050"]
[BlackElo "1788"]

1. d4 Nf6 2. Nc3 e6 3. e4 d6 4. Bd3 Be7 5. Nf3 O-O 6. O-O Nbd7 7. Ne2 e5 8. c3
h6 9. Ng3 Re8 10. Re1 Bf8 11. a4 c6 12. Qb3 Qc7 13. Be3 d5 14. dxe5 Nxe4 15. Nxe4
dxe4 16. Bxe4 Nxe5 17. Nxe5 Qxe5 18. Bd4 Qg5 19. Bh7+ Kxh7 20. Rxe8 Bh3 21. Qc2+
Bf5 22. Qe2 Rxe8 23. Qxe8 Bd6 24. Qxf7 Be4 25. f3 Bd5 26. Qd7 Bxf3 27. Qxg7+ Qxg7
28. Bxg7 Kxg7 29. gxf3 Kf6 30. Kg2 Kf5 31. Rd1 Ke6 32. Kh3 Be5 33. Rd2 b5 34.
axb5 cxb5 35. Kg4 a5 36. f4 Bf6 37. Kh5 b4 38. cxb4 axb4 39. Kg6 Bh4 40. Re2+
Kd5 41. f5 1-0

[Event "XXV OOM - Mistrzostwa Polski Juniorow Mlodszych - Chlopcy do lat 14"]
[Site "Sielpia"]
[Date "1899-12-30"]
[Round "2.5"]
[White "Wieczorek, Mikolaj"]
[Black "Luberanski, Jakub"]
[Result "0-1"]
[WhiteTitle "I"]
[BlackTitle "I+"]
[WhiteElo "1752"]
[BlackElo "2023"]

1. e4 e5 2. Nf3 Nc6 3. d4 exd4 4. Nxd4 Nf6 5. Nxc6 bxc6 6. e5 Qe7 7. Qe2 Nd5 8.
c4 Nb6 9. Nc3 Ba6 10. b3 Qe6 11. g3 Bb4 12. Bd2 O-O 13. Bg2 Rae8 14. O-O Qxe5
15. Qxe5 Rxe5 16. a3 Bxc3 17. Bxc3 Re6 18. Rfd1 c5 19. a4 d6 20. Re1 Rfe8 21.
f4 Rxe1+ 22. Rxe1 Rxe1+ 23. Bxe1 Kf8 24. Be4 g6 25. g4 Bc8 26. g5 Bf5 27. Bc6
Bc2 28. a5 Nc8 29. Bb7 Ne7 30. a6 Bxb3 31. Ba5 Ke8 32. Bxc7 Kd7 33. Bb8 Nc6 34.
Bxa7 Nxa7 35. Bd5 Ke7 36. Kf2 Bc2 37. Ke3 Bf5 38. h4 Be6 39. Ke4 Bxd5+ 40. cxd5
f5+ 41. Kf3 Kd7 42. h5 gxh5 43. Kg3 c4 44. Kh4 c3 45. Kxh5 c2 46. Kh6 c1=Q 47.
Kxh7 Qxf4 0-1

[Event "XXV OOM - Mistrzostwa Polski Juniorow Mlodszych - Chlopcy do lat 14"]
[Site "Sielpia"]
[Date "1899-12-30"]
[Round "2.6"]
[White "Wnek, Filip"]
[Black "Poltorak, Sebastian"]
[Result "0-1"]
[WhiteTitle "I+"]
[BlackTitle "I+"]
[WhiteElo "1733"]
[BlackElo "1962"]

1. e4 c5 2. Nf3 Nc6 3. d4 cxd4 4. Nxd4 Nf6 5. Nc3 e5 6. Ndb5 d6 7. Bg5 a6 8. Na3
b5 9. Bxf6 gxf6 10. Nd5 f5 11. Bd3 Be6 12. c3 Bg7 13. Nxb5 Bxd5 14. exd5 Ne7 15.
Na3 O-O 16. O-O f4 17. Qd2 f5 18. Bc2 f3 19. gxf3 Ng6 20. Rfc1 Qh4 21. Bd3 Bh6
22. Qc2 Bxc1 23. Rxc1 Nf4 24. Nc4 Rf6 25. Bxf5 Qg5+ 26. Bg4 h5 27. Kh1 hxg4 28.
Rg1 Qh5 29. Ne3 Kh8 30. fxg4 Qxh2+ 31. Kxh2 Rh6+ 32. Kg3 Rh3# 0-1

[Event "XXV OOM - Mistrzostwa Polski Juniorow Mlodszych - Chlopcy do lat 14"]
[Site "Sielpia"]
[Date "1899-12-30"]
[Round "2.7"]
[White "Kacprzak, Karol"]
[Black "Oleksy, Krzysztof"]
[Result "1/2-1/2"]
[WhiteTitle "I+"]
[BlackTitle "I"]
[WhiteElo "1910"]
[BlackElo "1746"]

1. e4 c5 2. Nf3 Nc6 3. d4 cxd4 4. Nxd4 Nf6 5. Nxc6 bxc6 6. Bd3 d6 7. O-O g6 8.
Nc3 Bg7 9. Qe2 O-O 10. Bd2 Rb8 11. b3 Nd7 12. Rad1 Ne5 13. Na4 Bd7 14. c4 c5 15.
Nc3 Nc6 16. Nd5 Nd4 17. Qe1 e6 18. Ne3 f5 19. Ba5 Qc8 20. exf5 gxf5 21. Bb1 Bc6
22. Nc2 e5 23. Nxd4 cxd4 24. f3 Rb7 25. Qg3 Kh8 26. Qh4 Qe6 27. Qh3 Bh6 28. Bd2
Bxd2 29. Rxd2 Rg7 30. Re1 Qf6 31. Rf2 Bd7 32. g3 Bc6 33. b4 Bd7 1/2-1/2

[Event "XXV OOM - Mistrzostwa Polski Juniorow Mlodszych - Chlopcy do lat 14"]
[Site "Sielpia"]
[Date "1899-12-30"]
[Round "2.8"]
[White "Dzida, Kamil"]
[Black "Bancarewicz, Aleks"]
[Result "1-0"]
[WhiteTitle "I++"]
[BlackTitle "I"]
[WhiteElo "1877"]
[BlackElo "1701"]

1. e4 c5 2. Nf3 d6 3. d4 cxd4 4. Nxd4 Nf6 5. Nc3 a6 6. Nb3 g6 7. Be2 Bg7 8. g4
h6 9. Be3 b5 10. e5 dxe5 11. Qxd8+ Kxd8 12. Bb6+ Ke8 13. Bf3 Nbd7 14. Bxa8 Nxb6
15. Bc6+ Kd8 16. h3 Kc7 17. Bg2 b4 18. Ne2 Nfd5 19. O-O-O Nf4 20. Nxf4 exf4 21.
Rhe1 e6 22. Re4 g5 23. Rxb4 h5 24. gxh5 Rxh5 25. Rd3 f5 26. Nd4 Bxd4 27. Rbxd4
Nd5 28. Rc4+ Kd7 29. Rc5 g4 30. Bxd5 exd5 31. Rdxd5+ Ke7 32. hxg4 Rh1+ 33. Rd1
Rxd1+ 34. Kxd1 fxg4 35. Rxc8 1-0

[Event "XXV OOM - Mistrzostwa Polski Juniorow Mlodszych - Chlopcy do lat 14"]
[Site "Sielpia"]
[Date "1899-12-30"]
[Round "2.9"]
[White "Backiel, Hubert"]
[Black "Jeda, Maciej"]
[Result "1-0"]
[WhiteTitle "I"]
[BlackTitle "I"]
[WhiteElo "1704"]
[BlackElo "1850"]

1. c4 Nf6 2. g3 g6 3. Bg2 Bg7 4. Nc3 O-O 5. e3 d6 6. Nge2 c6 7. O-O Na6 8. d4 Nc7
9. b3 Re8 10. Bb2 d5 11. Nf4 Bf5 12. Qe2 Qd7 13. Rad1 Rad8 14. Rfe1 b6 15. Nd3
Qd6 16. Ne5 Nd7 17. e4 Be6 18. Nxc6 Qxc6 19. exd5 Bxd5 20. Nxd5 Nxd5 21. Bxd5
Qc7 22. Bg2 e6 23. Qe4 Nf6 24. Qc6 Re7 25. Ba3 Red7 26. Qxc7 Rxc7 27. d5 Rcd7
28. d6 Rc8 29. Rc1 Ne8 30. Red1 Bf8 31. c5 bxc5 32. Rxc5 Rxc5 33. Bxc5 Nxd6 34.
b4 Rd8 35. Bxa7 Rc8 36. Bc5 Nb5 37. Rc1 Nd4 38. Kf1 Nb5 39. Be4 Bg7 40. Bf3 Nd4
41. Bg2 Nb5 42. Be3 Rd8 43. a4 Nc3 44. a5 Na2 45. Rc4 Nc3 46. Bf3 Nd5 47. Bxd5
exd5 48. Rc2 d4 49. Bd2 Be5 50. Rc6 Kf8 51. f4 Bd6 52. b5 Ke7 53. b6 Ke6 54. Bb4
Kd5 55. Rxd6+ Rxd6 56. Bxd6 Kxd6 57. a6 Kc6 58. a7 Kd5 1-0

[Event "XXV OOM - Mistrzostwa Polski Juniorow Mlodszych - Chlopcy do lat 14"]
[Site "Sielpia"]
[Date "1899-12-30"]
[Round "2.10"]
[White "Kacprzak, Kacper"]
[Black "Iwaszkiewicz, Krzysztof"]
[Result "0-1"]
[WhiteTitle "I"]
[BlackTitle "I"]
[WhiteElo "1841"]
[BlackElo "1651"]

1. e4 c5 2. Nf3 e6 3. d4 cxd4 4. Nxd4 Nf6 5. Nc3 Nc6 6. Nxc6 bxc6 7. e5 Nd5 8.
Ne4 Bb7 9. c4 Nb4 10. Bd2 c5 11. Bxb4 cxb4 12. Nd6+ Bxd6 13. Qxd6 Qb6 14. O-O-O
Qxd6 15. Rxd6 Ke7 16. Be2 Rac8 17. Rhd1 Rhd8 18. g3 f6 19. exf6+ gxf6 20. b3 Rc5
21. f4 Ra5 22. Kb2 Bd5 23. c5 Rxc5 24. Ra6 Rdc8 25. Bd3 R8c7 26. Re1 h6 27. h4
Rc3 28. Re3 f5 29. Ra4 Be4 30. Rxe4 fxe4 31. Bxe4 d5 0-1

[Event "XXV OOM - Mistrzostwa Polski Juniorow Mlodszych - Chlopcy do lat 14"]
[Site "Sielpia"]
[Date "1899-12-30"]
[Round "2.11"]
[White "Luczak, Filip"]
[Black "Goszyk, Bartosz"]
[Result "1-0"]
[WhiteTitle "CM"]
[BlackTitle "II"]
[WhiteElo "2071"]
[BlackElo "1554"]

1. d4 f5 2. Nf3 e6 3. g3 Nf6 4. Bg2 Be7 5. c4 d6 6. Nc3 O-O 7. O-O Qe8 8. Qc2 Qh5
9. Bd2 Ng4 10. h3 Nh6 11. e4 Nc6 12. exf5 Qxf5 13. Qxf5 Nxf5 14. Nb5 Bd8 15. g4
Nfe7 16. Rad1 a6 17. Nc3 Ng6 18. d5 exd5 19. cxd5 Nge5 20. Ne1 Ne7 21. f4 Nc4
22. Bc1 Ng6 23. b3 Nb6 24. Ne4 Bd7 25. a4 Ne7 26. Ng5 Ng6 27. Ne6 Re8 28. f5 Nf8
29. Bb2 Nxe6 30. fxe6 Bxa4 31. bxa4 Nxa4 32. Ba1 Nc5 33. Nc2 Bg5 34. Rf7 Re7 35.
Rdf1 Rae8 36. Bxg7 Nxe6 37. dxe6 Rxe6 38. Bb2 Bh6 39. g5 Bf8 40. Bd5 1-0

[Event "XXV OOM - Mistrzostwa Polski Juniorow Mlodszych - Chlopcy do lat 14"]
[Site "Sielpia"]
[Date "1899-12-30"]
[Round "2.12"]
[White "Lokaj, Bartlomiej"]
[Black "Grzesik, Gracjan"]
[Result "1/2-1/2"]
[WhiteTitle "II"]
[BlackTitle "I"]
[WhiteElo "1537"]
[BlackElo "1904"]

1. e4 c5 2. c3 d5 3. exd5 Qxd5 4. d4 Nc6 5. Nf3 Bf5 6. Be2 Nf6 7. c4 Qd7 8. d5
Nb4 9. Na3 e6 10. Ne5 Qd8 11. Qa4+ Nd7 12. Nxd7 Qxd7 13. Qxd7+ Kxd7 14. dxe6+
Bxe6 15. Bf4 a6 16. O-O Rd8 17. Rfd1+ Kc8 18. Rxd8+ Kxd8 19. Bf3 Kc8 20. Be5 Rg8
21. b3 Be7 22. Bc3 Bf6 23. Bxf6 gxf6 24. Kf1 Bf5 25. h3 Re8 26. Be2 Kc7 27. g4
Be4 28. f3 Bc6 29. Kf2 f5 30. g5 f4 31. Rg1 Nxa2 32. Nc2 Nc3 33. Bd3 Rd8 34. Ne1
b5 35. Rg4 Rd4 36. Rh4 bxc4 37. Bxc4 Bd5 38. Bxd5 Nxd5 39. Rxh7 Rd2+ 40. Kg1 Rd1
41. Rxf7+ Kd8 42. Kf1 Ke8 43. Ra7 Nb4 44. Ke2 Rb1 45. g6 Kf8 46. Nd3 Nxd3 47.
Kxd3 Rxb3+ 48. Ke4 Rb6 49. g7+ Kg8 50. Kxf4 Rh6 51. Kg5 Rxh3 52. f4 Rb3 53. f5
c4 54. Kg6 Rg3+ 55. Kf6 Kh7 56. Rxa6 Rxg7 57. Rc6 Ra7 58. Rxc4 Ra6+ 59. Kg5 Kg8
60. Re4 Kf7 1/2-1/2

[Event "XXV OOM - Mistrzostwa Polski Juniorow Mlodszych - Chlopcy do lat 14"]
[Site "Sielpia"]
[Date "1899-12-30"]
[Round "2.13"]
[White "Kolodziejski, Piotr"]
[Black "Matela, Krzysztof"]
[Result "1/2-1/2"]
[WhiteTitle "I"]
[BlackTitle "I"]
[WhiteElo "1797"]
[BlackElo "1540"]

1. e4 c5 2. Nf3 d6 3. d4 cxd4 4. Nxd4 a6 5. Be2 e6 6. Nc3 b5 7. O-O Bb7 8. f3 Nf6
9. Be3 Be7 10. Qd2 Nbd7 11. a3 Rc8 12. g4 Nb6 13. Rf2 Nfd7 14. Nb3 Ne5 15. Na5
Ba8 16. Qd4 Nbd7 17. Nb3 Nc4 18. Bxc4 Rxc4 19. Qd2 Ne5 20. Bd4 Bf6 21. g5 Bxg5
22. f4 Bh6 23. Rd1 Ng6 24. Be3 e5 25. fxe5 Bxe3 26. Qxe3 Nxe5 27. Rfd2 Qg5+ 28.
Qxg5 Nf3+ 29. Kf1 Nxg5 30. Rxd6 O-O 31. Nd2 Rc6 32. Rxc6 Bxc6 33. h4 Ne6 34. Nf3
f5 35. Kg1 Bxe4 36. Nxe4 fxe4 37. Rd6 Nf4 38. Ng5 e3 39. Kf1 Nd3+ 40. Ke2 Nxb2
41. Rxa6 Nc4 42. a4 h6 43. Nf3 bxa4 44. Rxa4 Rf4 45. Ra8+ Kh7 46. Rc8 Rg4 47.
Kd3 Nd6 48. Rf8 Re4 49. Rd8 Re6 50. Nd4 Rg6 51. Kxe3 Nc4+ 52. Kd3 Ne5+ 53. Ke4
1/2-1/2

[Event "XXV OOM - Mistrzostwa Polski Juniorow Mlodszych - Chlopcy do lat 14"]
[Site "Sielpia"]
[Date "1899-12-30"]
[Round "2.14"]
[White "Paprocki, Antoni"]
[Black "Dziendziel, Mateusz"]
[Result "1/2-1/2"]
[WhiteTitle "I"]
[BlackTitle "II+"]
[WhiteElo "1778"]
[BlackElo "1684"]

1. e4 c5 2. Nf3 d6 3. d4 Nf6 4. Nc3 cxd4 5. Nxd4 g6 6. Be3 Bg7 7. f3 O-O 8. Qd2
Nc6 9. O-O-O Bd7 10. Kb1 Ne5 11. g4 Rc8 12. h4 b5 13. Be2 b4 14. Nd5 Nxd5 15.
exd5 Re8 16. h5 Qa5 17. Nb3 Qc7 18. hxg6 fxg6 19. Bd4 Rf8 20. Rdf1 Rf7 21. Rhg1
Nc4 22. Bxc4 Bxd4 23. Nxd4 Qxc4 24. Nb3 Bxg4 25. Na5 Qa6 26. Nc6 Bd7 27. Nxb4
Qc4 28. b3 Qc3 29. Qxc3 Rxc3 30. Nd3 Bf5 31. Kb2 Rc8 32. Nb4 Bd7 33. c4 Kg7 34.
Nc2 Rf4 35. Kc3 Kf6 36. Nd4 h5 37. Rh1 e5 38. Ne2 Rf5 39. Ng3 Rf4 40. Ne2 Rf5
41. Ng3 Rf4 42. Ne2 Rf5 43. Ng3 1/2-1/2

[Event "XXV OOM - Mistrzostwa Polski Juniorow Mlodszych - Chlopcy do lat 14"]
[Site "Sielpia"]
[Date "1899-12-30"]
[Round "2.15"]
[White "Wojtasik, Szymon"]
[Black "Jedraszek, Pawel"]
[Result "0-1"]
[WhiteTitle "II"]
[BlackTitle "I"]
[WhiteElo "1379"]
[BlackElo "1753"]

1. e4 c5 2. Nf3 d6 3. d4 cxd4 4. Nxd4 Nf6 5. Nc3 a6 6. h3 e6 7. g4 b5 8. Bg2 Bb7
9. a3 Be7 10. O-O O-O 11. e5 Bxg2 12. exf6 Bxf1 13. fxe7 Qxe7 14. Qxf1 Rc8 15.
Qg2 d5 16. f4 Nc6 17. Nxc6 Rxc6 18. Be3 Rc4 19. Rd1 b4 20. axb4 Qxb4 21. Bc1 Rac8
22. f5 Qb6+ 23. Qf2 d4 24. Rd2 Qc7 25. Ne4 Rxc2 26. Rxc2 Qxc2 27. Bf4 Qxe4 28.
fxe6 fxe6 29. Bd6 Qb1+ 30. Kh2 Rc2 0-1

[Event "XXV OOM - Mistrzostwa Polski Juniorow Mlodszych - Chlopcy do lat 14"]
[Site "Sielpia"]
[Date "1899-12-30"]
[Round "2.16"]
[White "Szlosarczyk, Hubert"]
[Black "Wasik, Mateusz"]
[Result "0-1"]
[WhiteTitle "II+"]
[BlackTitle "I"]
[WhiteElo "1620"]
[BlackElo "1729"]

1. d4 d5 2. c4 e6 3. Nc3 a6 4. e3 Nf6 5. Nf3 Be7 6. Bd3 dxc4 7. Bxc4 b5 8. Bd3
Bb7 9. O-O O-O 10. Qe2 c5 11. Rd1 c4 12. Bc2 Qc7 13. a3 Rd8 14. e4 Nbd7 15. Bg5
Nf8 16. e5 Nd5 17. Nxd5 Bxd5 18. Bxe7 Qxe7 19. Be4 Ng6 20. Bxd5 Rxd5 21. g3 Rad8
22. Qc2 Qa7 23. a4 Qb6 24. Qc3 Ne7 25. Rd2 Nc6 26. Rad1 h6 27. h4 Na5 28. axb5
axb5 29. Re2 Nb3 30. Re4 Rc8 31. Qb4 Rcd8 32. Kg2 Qc6 33. Qc3 Nc5 34. Rf4 Qb7
35. Ra1 Nd3 36. Re4 R5d7 37. Rg4 h5 38. Rg5 Rxd4 39. Rxh5 Rf4 40. gxf4 Nxf4+ 41.
Kf1 Nxh5 42. Qa5 Qd5 43. Qc3 b4 44. Qe3 Qc6 45. Qg5 Rd3 46. Qxh5 Qxf3 47. Qxf3
Rxf3 48. Ra8+ Kh7 49. Rc8 Rf4 50. Rc7 Kg6 51. Kg2 Rxh4 52. Kg3 Rd4 53. f4 f6 54.
Re7 Rd3+ 55. Kh4 Rd2 56. Rxe6 Rxb2 57. Rc6 c3 58. e6 Re2 59. Rc4 Rxe6 60. Rxb4
Rc6 61. Rb1 c2 62. Rc1 Kf5 63. Kg3 Rc3+ 64. Kf2 Kxf4 65. Ke2 g5 66. Kd2 Rc6 67.
Rf1+ Kg3 68. Rg1+ Kf2 69. Rh1 c1=Q+ 0-1

[Event "XXV OOM - Mistrzostwa Polski Juniorow Mlodszych - Chlopcy do lat 14"]
[Site "Sielpia"]
[Date "1899-12-30"]
[Round "2.17"]
[White "Turski, Bartlomiej"]
[Black "Kossowski, Pawel"]
[Result "1-0"]
[WhiteTitle "I"]
[BlackTitle "II+"]
[WhiteElo "1982"]
[BlackElo "1589"]

1. e4 e5 2. Nf3 Nc6 3. Bb5 a6 4. Bxc6 dxc6 5. O-O Bg4 6. h3 h5 7. d3 Qf6 8. Nbd2
g5 9. Nc4 Bxf3 10. Qxf3 Qxf3 11. gxf3 f6 12. h4 gxh4 13. f4 exf4 14. Bxf4 O-O-O
15. Kg2 Bh6 16. Bxh6 Nxh6 17. Rh1 Rdg8+ 18. Kf1 Ng4 19. Rxh4 Ne5 20. Nxe5 fxe5
21. Ke2 Kd7 22. Rah1 Rg5 23. Ke3 c5 24. R1h3 Ke6 25. c3 Kf6 26. f4 exf4+ 27. Rxf4+
Ke6 28. d4 cxd4+ 29. cxd4 Rg2 30. Rf2 Rxf2 31. Kxf2 Kf6 32. Ke3 Kg5 33. Rg3+ Kh4
34. Rg7 b5 35. d5 Kh3 36. Rxc7 Kg2 37. d6 h4 38. d7 Rd8 39. e5 h3 40. e6 h2 41.
Rc2+ 1-0

[Event "XXV OOM - Mistrzostwa Polski Juniorow Mlodszych - Chlopcy do lat 14"]
[Site "Sielpia"]
[Date "1899-12-30"]
[Round "2.18"]
[White "Stachecki, Mikolaj"]
[Black "Zdybel, Przemyslaw"]
[Result "1/2-1/2"]
[WhiteTitle "II+"]
[BlackTitle "I"]
[WhiteElo "1587"]
[BlackElo "1698"]

1. e4 c5 2. Nf3 d6 3. d4 cxd4 4. Nxd4 Nf6 5. Nc3 a6 6. Be2 e5 7. Nb3 Be7 8. Bg5
Nbd7 9. a4 Qc7 10. a5 O-O 11. O-O Rd8 12. Nd2 b5 13. axb6 Nxb6 14. Bxf6 Bxf6 15.
Nd5 Nxd5 16. exd5 Be7 17. Nb3 a5 18. Bb5 Bd7 19. Bxd7 Rxd7 20. Ra2 Qb6 21. Qd2
Rda7 22. Ra4 Qb5 23. Rfa1 Bd8 24. h3 h6 25. g3 f5 26. R1a2 Bb6 27. Kg2 Bd8 28.
Kg1 Bb6 29. Kg2 Bd8 30. Kg1 Bb6 31. Kg2 1/2-1/2

[Event "XXV OOM - Mistrzostwa Polski Juniorow Mlodszych - Chlopcy do lat 14"]
[Site "Sielpia"]
[Date "1899-12-30"]
[Round "2.19"]
[White "Wysocki, Mateusz"]
[Black "Jozefczyk, Szymon"]
[Result "0-1"]
[WhiteTitle "I"]
[BlackTitle "II"]
[WhiteElo "1697"]
[BlackElo "1580"]

1. e4 c5 2. Nf3 d6 3. c3 Nf6 4. h3 Nc6 5. Bd3 d5 6. e5 Nd7 7. e6 fxe6 8. Ng5 Nf6
9. Bxh7 Nxh7 10. Qh5+ Kd7 11. Nxh7 b6 12. O-O Ba6 13. Re1 Kc7 14. Qg6 e5 15. Ng5
Qd6 16. Qxd6+ exd6 17. Ne6+ Kd7 18. Nxf8+ Raxf8 19. Na3 Bd3 20. Re3 e4 21. b3
Rf7 22. c4 d4 23. Rg3 Rhf8 24. Bb2 Ne5 25. Re1 g6 26. Nb5 a6 27. Nxd4 Rxf2 0-1

[Event "XXV OOM - Mistrzostwa Polski Juniorow Mlodszych - Chlopcy do lat 14"]
[Site "Sielpia"]
[Date "1899-12-30"]
[Round "2.20"]
[White "Kaliszuk, Kamil"]
[Black "Taranowicz, Michal"]
[Result "1/2-1/2"]
[WhiteTitle "I"]
[BlackTitle "II+"]
[WhiteElo "1674"]
[BlackElo "1560"]

1. e4 e6 2. d3 d5 3. Nd2 dxe4 4. dxe4 Bc5 5. Ngf3 Nf6 6. Bd3 O-O 7. O-O h6 8. Nb3
Bb6 9. Qe2 Qe7 10. e5 Nfd7 11. Qe4 f5 12. exf6 Nxf6 13. Qg6 Qe8 14. Ne5 Nbd7 15.
Qxe8 Rxe8 16. Ng6 e5 17. h3 e4 18. Bc4+ Kh7 19. Bf7 Rd8 20. Rd1 Ne5 21. Rxd8 Nxf7
22. Nf8+ Kg8 23. Rd1 Kxf8 24. Bf4 g5 25. Bh2 Be6 26. Nd4 Ke7 27. a4 a5 28. Nb5
c6 29. Nc3 h5 30. b3 Bc5 31. Ne2 Nd5 32. c4 Nb4 33. Ng3 e3 34. fxe3 Nc2 35. Ra2
Nxe3 36. Rb1 Nd1+ 37. Kf1 Nc3 38. Rbb2 Nxa2 39. Rxa2 Bd6 40. Re2 h4 41. Nf5+ Kd7
42. Nxd6 Nxd6 43. Rd2 Rf8+ 44. Ke2 Rf6 45. Rxd6+ Ke7 46. Rd3 Rf5 47. Bd6+ Kf6
48. Bc7 b5 49. cxb5 cxb5 50. Rf3 Rxf3 51. Kxf3 Bxb3 52. axb5 a4 53. Ke4 Ke6 54.
Kf3 a3 55. Ba5 a2 56. Bc3 Kf5 57. g3 Bd5+ 58. Kf2 Ke4 59. gxh4 gxh4 60. b6 Kd3
61. Bg7 Bb7 62. Bf6 Ke4 63. Bg7 Bc8 64. Ba1 Kd5 65. Kf3 Kc6 66. Ke4 1/2-1/2